Исследование нового пептида, меченого радионуклидом лютецием-177, в культуре ПСМА-экспрессирующих раковых клеток; Перспективы развития фундаментальных наук; Т. 4 : Биология и фундаментальная медицина

Bibliographische Detailangaben
Parent link:Курзина, И. А. (химик ; 1972-). Перспективы развития фундаментальных наук=Prospects of Fundamental Sciences Development: сборник научных трудов XX Международной конференции студентов, аспирантов и молодых ученых, г. Томск, 25-28 апреля 2023 г..— .— Томск: Изд-во ТПУ
Т. 4 : Биология и фундаментальная медицина.— 2023.— С. 96-98
1. Verfasser: Прач А. А. Анастасия Александровна
Weitere Verfasser: Юладшева Ф. Ш. (научный руководитель), Янович Г. Глеб, Плотников Е. В. Евгений Владимирович
Zusammenfassung:Заглавие с экрана
In the present studу, we developed a method for obtaining a conjugate labeled with the therapeutic radionuclide lutetium-177. It was evaluated the specificity of binding and in vitro internalization of a radiopharmaceutical based on the original PSMA-targeted ligand molecule
Текстовый файл
Sprache:Russisch
Veröffentlicht: 2023
Schlagworte:
Online-Zugang:http://earchive.tpu.ru/handle/11683/80622
Format: MixedMaterials Elektronisch Buchkapitel
KOHA link:https://koha.lib.tpu.ru/cgi-bin/koha/opac-detail.pl?biblionumber=675150

MARC

LEADER 00000naa2a2200000 4500
001 675150
005 20260311103726.0
090 |a 675150 
100 |a 20241003d2023 k y0rusy50 ca 
101 0 |a rus 
102 |a RU 
135 |a drnn ---uucaa 
200 1 |a Исследование нового пептида, меченого радионуклидом лютецием-177, в культуре ПСМА-экспрессирующих раковых клеток  |d Study of a new lutetium-177-labeled peptide in the culture of PSMA-expressing cancer cells  |z eng  |f А. А. Прач, Ф. Ш. Юладшева, Г. Е. Янович  |g науч. рук. Е. В. Плотников ; Национальный исследовательский Томский политехнический университет 
300 |a Заглавие с экрана 
320 |a Библиография: c. 98 
330 |a In the present studу, we developed a method for obtaining a conjugate labeled with the therapeutic radionuclide lutetium-177. It was evaluated the specificity of binding and in vitro internalization of a radiopharmaceutical based on the original PSMA-targeted ligand molecule 
336 |a Текстовый файл 
461 1 |0 636133  |t Перспективы развития фундаментальных наук  |l Prospects of Fundamental Sciences Development  |o сборник научных трудов XX Международной конференции студентов, аспирантов и молодых ученых, г. Томск, 25-28 апреля 2023 г.  |9 636133  |a Курзина, И. А. (химик ; 1972-)  |c Томск  |n Изд-во ТПУ 
463 1 |0 636136  |9 636136  |d 2023  |l Volume 4. Biology and fundamental medicine  |t Т. 4 : Биология и фундаментальная медицина  |v С. 96-98  |u conference_tpu-2023-C21_V4.pdf 
610 1 |a конференции 
610 1 |a труды учёных ТПУ 
610 1 |a электронный ресурс 
610 1 |a новообразования 
610 1 |a мембранный антиген 
610 1 |a in vitro радиокомплекс 
610 1 |a L-глутамин 
610 1 |a пиромицин 
610 1 |a метод насыщения 
700 1 |a Прач  |b А. А.  |g Анастасия Александровна  |f 1999-  |c химик  |c инженер Томского политехнического университета  |9 22509 
701 1 |a Юладшева  |b Ф. Ш.  
701 1 |a Янович  |b Г.  |c провизор  |c инженер Томского политехнического университета  |f 1999-  |g Глеб  |9 89204 
702 1 |a Плотников  |b Е. В.  |c химик  |c доцент Томского политехнического университета, кандидат химических наук  |f 1983-  |g Евгений Владимирович  |4 727 
801 2 |a RU  |b 63413507  |c 20241003  |g RCR 
856 4 0 |u http://earchive.tpu.ru/handle/11683/80622  |z http://earchive.tpu.ru/handle/11683/80622 
942 |c CF